000 01008nam a2200337 b 4500
001 00506668
003 DO-SdBNP
005 20231017125233.0
007 00506668
008 960916s1996 sp ||| ||spa
017 _a
_b
020 _a8422659026
035 _a
040 _aBPMSU
_bspa
_cBPMSU
_e
080 0 _a
082 4 _a833.91
_bP476p 1996
_222
100 1 _aPestum, Jo
_d1936-
245 1 3 _aEl pirata en el tejado /
_cJo Pestum ; traducción de Elsa Alfonso Mori ; ilustraciones de Julio Gutiérrez Mas
_h
260 _aBarcelona :
_bCírculo de Lectores,
_c1996
300 _a126 p.:
_bil.;
_c21 cm
490 0 _aEl barco de vapor
534 _aTítulo original :
_tDer Pirat auf dem Dach
590 _aInventarioado, 2023/VM
600 _24
650 4 _aCuentos juveniles alemanes
650 4 _aPiratas
_vCuentos juveniles
700 1 _aAlfonso Mori, Elsa
_etr.
700 _aGutiérrez Mas, Julio
_eil.
910 _aVMateo V. Control de calidad. BPMSU
942 _2ddc
_cBK
999 _c9641
_d9641